Vivencia social en Colombia (Registro nro. 39022)

Detalles MARC
000 -LEADER
fixed length control field 01424nmm a2200301 a 4500
001 - CONTROL NUMBER
control field 0000021868
003 - CONTROL NUMBER IDENTIFIER
control field CO-CtgCURN
005 - DATE AND TIME OF LATEST TRANSACTION
control field 20250429224112.0
007 - PHYSICAL DESCRIPTION FIXED FIELD--GENERAL INFORMATION
fixed length control field co cga---uuuuu
007 - PHYSICAL DESCRIPTION FIXED FIELD--GENERAL INFORMATION
fixed length control field ta
008 - FIXED-LENGTH DATA ELEMENTS--GENERAL INFORMATION
fixed length control field 160627s2008 i eng d
020 ## - INTERNATIONAL STANDARD BOOK NUMBER
International Standard Book Number 9789587161847
040 ## - CATALOGING SOURCE
Original cataloging agency CO-CtgCURN
Language of cataloging spa
Transcribing agency coctgcurn
082 0# - DEWEY DECIMAL CLASSIFICATION NUMBER
Classification number 363.5
Item number V837
245 00 - TITLE STATEMENT
Title Vivencia social en Colombia
Medium [electronic resource] :
Remainder of title una mirada desde su legislacion 1918-2005 /
Statement of responsibility, etc. editora Olga Lucia Ceballos Ramos.
260 ## - PUBLICATION, DISTRIBUTION, ETC.
Place of publication, distribution, etc. Bogotá :
Name of publisher, distributor, etc. Pontificia Universidad Javeriana,
Date of publication, distribution, etc. 2008.
300 ## - PHYSICAL DESCRIPTION
Extent 277 p. +
Accompanying material Cd -. Rom.
336 ## - CONTENT TYPE
Source rdacontent
337 ## - MEDIA TYPE
Source rdamedia
Media type term sin mediacion
Media type code n
338 ## - CARRIER TYPE
Source rdacarrier
Carrier type term volumen
Carrier type code nc
504 ## - BIBLIOGRAPHY, ETC. NOTE
Bibliography, etc. note Referencias bibliograficas (p. 271-277)
505 8# - FORMATTED CONTENTS NOTE
Formatted contents note El inicio de la Acción estatal frente al problema de la vivienda. El enfasis en el higienismo (1918-1942).--La institucionalizacion de la Acción estatal frente al problema de la vivienda (1942-1965).--La transicion en el manejo institucional del problema de la vivienda 1965-1972.--La creacion de las corporaciones de ahorro y vivienda (1972-1990).--El sistema nacional de vivienda de interes social (1990-2007)
650 14 - SUBJECT ADDED ENTRY--TOPICAL TERM
Topical term or geographic name entry element Política de vivienda
Chronological subdivision 1918-2005
Geographic subdivision Colombia.
700 1# - ADDED ENTRY--PERSONAL NAME
Personal name Ceballos Ramos, Olga Lucia.
908 ## - PUT COMMAND PARAMETER (RLIN)
Put command parameter 160627
942 ## - ADDED ENTRY ELEMENTS (KOHA)
Koha item type Libros
Classification part 363.5
Item part V837
Source of classification or shelving scheme Dewey Decimal Classification
Existencias
Withdrawn status Lost status Source of classification or shelving scheme Damaged status Not for loan Collection Home library Current library Shelving location Date acquired Inventory number Total checkouts Full call number Barcode Date last seen Price effective from Koha item type Public note
    Dewey Decimal Classification     General Miguel Henríquez Castañeda Miguel Henríquez Castañeda General 04/29/2025 013689   363.5 V837 013689 04/29/2025 04/29/2025 Libros 360-SER.SO